Statistics for Random City to Country #29

Click here to take the quiz!

General Stats

  • This quiz has been taken 33 times
  • The average score is 10 of 14

Answer Stats

Random cityAnd country% Correct
ThessalonikiGreece
96%
Quebec CityCanada
96%
GlasgowUnited Kingdom
96%
AleppoSyria
88%
TianjinChina
88%
LiègeBelgium
83%
CuscoPeru
75%
RosarioArgentina
71%
FredrikshavnDenmark
71%
JubaSouth Sudan
67%
DelftNetherlands
54%
San Pedro SulaHonduras
46%
Angel cityPhilippines
33%
QuettaPakistan
21%

Score Distribution

Percentile by Number Answered

Percent of People with Each Score

Your Score History

You have not taken this quiz